Normal view
MARC view
Entry Topical Term
001 - CONTROL NUMBER
- control field: 13521
003 - CONTROL NUMBER IDENTIFIER
- control field: ARRUPE
005 - DATE AND TIME OF LATEST TRANSACTION
- control field: 20150106121653.0
008 - FIXED-LENGTH DATA ELEMENTS
- fixed length control field: 150106|| aca||aabn | a|a d
040 ## - CATALOGING SOURCE
- Original cataloging agency: ARRUPE
- Transcribing agency: ARRUPE
150 ## - HEADING--TOPICAL TERM
- Topical term or geographic name as entry element:
- : Judaism - Israel - Tsefat - Customs and practices
670 ## - SOURCE DATA FOUND
- Source citation: Work cat.: (ARRUPE)98060: Praeg, Leonhard 13518, African philosophy and the quest for autonomy